ბათუმის შოთა რუსთაველის სახელმწიფო უნივერსიტეტის ბიბლიოთეკა

მეგობარი, აღმზრდელი (ბიბ.ჩანაწერი № 50162)

000 -LEADER
fixed length control field 01096nam a2200253Ia 4500
001 - CONTROL NUMBER
control field 17100
003 - CONTROL NUMBER IDENTIFIER
control field GE_BSU
008 - FIXED-LENGTH DATA ELEMENTS--GENERAL INFORMATION
fixed length control field 181216s||||||||xx |||||||||||||| ||und||
040 ## - CATALOGING SOURCE
Transcribing agency GE_BSU
080 ## - UNIVERSAL DECIMAL CLASSIFICATION NUMBER
Universal Decimal Classification number 371.113(479.22)
100 ## - MAIN ENTRY--PERSONAL NAME
Personal name ალავერდაშვილი, გიორგი
245 ## - TITLE STATEMENT
Title მეგობარი, აღმზრდელი
245 ## - TITLE STATEMENT
Remainder of title [ნარკვევი თბილ. კომაროვის სახ. ფიზიკა-მათემატიკური სკოლა-ინტერნატის დირექტორ ვარლამ მელაძეზე
245 ## - TITLE STATEMENT
Statement of responsibility, etc. რედ.გ.ვარდოსანიძე
260 ## - PUBLICATION, DISTRIBUTION, ETC.
Place of publication, distribution, etc. თბილისი
260 ## - PUBLICATION, DISTRIBUTION, ETC.
Name of publisher, distributor, etc. განათლება
260 ## - PUBLICATION, DISTRIBUTION, ETC.
Date of publication, distribution, etc. 1971
300 ## - PHYSICAL DESCRIPTION
Extent 69გვ. : ილ. 1 ფ. პორტ. ; 19სმ.
653 ## - INDEX TERM--UNCONTROLLED
Uncontrolled term მეგობარი, აღმზრდელი
653 ## - INDEX TERM--UNCONTROLLED
Uncontrolled term ნარკვევი
653 ## - INDEX TERM--UNCONTROLLED
Uncontrolled term პედაგოგიკა
653 ## - INDEX TERM--UNCONTROLLED
Uncontrolled term სკოლის დირექტორები;
942 ## - ADDED ENTRY ELEMENTS (KOHA)
Koha item type წიგნი
ეგზემპლარები
Withdrawn status Lost status Damaged status Not for loan Date acquired Barcode Date last seen Price effective from Koha item type
        2018-12-17 21688 2018-12-17 2018-12-17 წიგნი